Most Common Latin Words 1-406 - Statistics

General Stats
  • This quiz has been taken 25 times
  • The average score is 82 of 499
Answer Stats
Hint Answer % Correct
et and
100%
omnis all | every | as a whole
60%
inter between | among
60%
dies day
60%
pater father | ancestor
60%
deus god | goddess
60%
bonus good
60%
manus hand
60%
habeo have | hold
60%
ipse himself | herself | itself
60%
ego I | me
60%
in (+abl) in | on
60%
rex king
60%
multus much | many
60%
non not
60%
nihil nothing | not at all
60%
nunc now
60%
ex (+abl) out of | from
60%
pars part
60%
locus place
60%
video see
60%
animus spirit | mind
60%
res thing
60%
hic this | these
60%
per (+acc) through
60%
ad (+acc) to | up to | towards
60%
cum (prep + abl) with
60%
tu you
60%
- about | concerning
50%
atque and in addition | and also | and
50%
fero bear | carry | endure
50%
corpus body
50%
urbs city
50%
vinco conquer
50%
mors death
50%
facio do
50%
primus first
50%
magnus great
50%
se, sui, sibi, se himself | herself | itself | themselves
50%
domus house | home
50%
terra land
50%
vita life
50%
- make
50%
vir man
50%
meus my
50%
unus one
50%
alius other | another
50%
noster our
50%
dico say
50%
hostis stranger | enemy
50%
tempus time
50%
bellum war
50%
ubi where
50%
qui who
50%
tuus your
50%
semper always | ever
40%
que and
40%
ac and in addition | and also | and
40%
- band of men
40%
ante (adv. and preposition +acc.) before | in front of
40%
sanguis blood
40%
frater brother
40%
sed but
40%
pectus chest | breast
40%
venio come
40%
oculus eye
40%
enim for | indeed
40%
nam for | indeed | really
40%
fortuna fortune
40%
a (+abl) from | by
40%
puella girl
40%
caput head
40%
audio hear | listen to
40%
in (+acc) into | onto
40%
longus long | far
40%
amor love
40%
medius middle | central
40%
mater mother
40%
nomen name
40%
novus new
40%
nox night
40%
iam now
40%
solus only | alone
40%
populus people
40%
mare sea
40%
ille that
40%
tum then
40%
ergo therefore
40%
fides trust | faith
40%
duo two
40%
nos we
40%
cum (conjunction + subjunctive) when | since | although
40%
verbum word
40%
annus year
40%
post (adverb and preposition + acc.) after
30%
quoque also | too
30%
nec and not | nor
30%
arma arms | weapons
30%
malus bad | evil
30%
sum be
30%
credo believe
30%
iubeo bid | order
30%
cura care | concern
30%
causa cause | reason
30%
ago drive
30%
finis end | boundary
30%
ignis fire
30%
fugio flee | escape
30%
sequor follow
30%
silva forest | grove
30%
pro (+abl) for | on behalf of | in proportion to
30%
gravis heavy | serious
30%
is he | she | it
30%
teneo hold | keep
30%
equus horse
30%
quam how
30%
sic in this manner | thus
30%
regnum kingship | kingdom
30%
scio know
30%
vivo live
30%
dominus master | household master | lord
30%
magis more
30%
mons mountain
30%
os mouth | face
30%
natura nature
30%
nec...nec neither...nor
30%
nemo no one
30%
aut or
30%
parens parent
30%
paro prepare | acquire
30%
umbra shade | shadow
30%
signum sign | standard | mark
30%
caelum sky | heavens
30%
miles soldier
30%
aliquis some
30%
carmen song
30%
mille thousand
30%
sub (+acc or abl) under | close to
30%
virtus valor | manliness | virtue
30%
via way | street
30%
bene well
30%
- what
30%
- which
30%
totus whole | entire
30%
sine (+abl) without
30%
ira wrath | anger
30%
copia abundance
20%
contra (adverb and preposition +acc.) against | opposite
20%
neque and not | nor
20%
simul at the same time
20%
puer boy
20%
voco call
20%
periculum danger
20%
traho drag | draw
20%
- even
20%
extremus farthest | extreme | situated at the end or tip
20%
fatum fate | death
20%
patria fatherland | country
20%
ager field
20%
flamma flame | fire
20%
pes foot
20%
alienus foreign | strange
20%
liber free
20%
amicus (as subst.) friend
20%
do give
20%
gloria glory | fame
20%
aurum gold
20%
honor honor | glory
20%
ingens huge | enourmous
20%
humanus human
20%
si if
20%
lex law
20%
duco lead
20%
dux leader | general
20%
legio legion
20%
lumen light
20%
levis light | trivial
20%
felix lucky
20%
mens mind
20%
autem moreover | but | however
20%
moveo move
20%
prope near | next
20%
neque...neque neither...nor
20%
nullus not any | no one
20%
numerus number | amount
20%
debeo owe | be obliged
20%
pax peace
20%
poena penalty | punishment
20%
campus plain | field
20%
placeo please
20%
dexter right
20%
senatus senate
20%
mitto send | let go
20%
ars skill
20%
parvus small
20%
tantus so great | so much
20%
flumen stream | river
20%
talis such
20%
sol sun
20%
dulcis sweet
20%
capio take | seize
20%
lacrima tear
20%
deinde/dein then | next
20%
amo to love
20%
vox voice | utterance
20%
aqua water
20%
unda wave | flowing water | water
20%
quis who?
20%
opus work
20%
orbis terrarum world
20%
mundus world | universe | heavens
20%
vester your
20%
postquam after
10%
- already
10%
ut (+indicative) as
10%
possum be able
10%
quia because
10%
fortis brave
10%
muto change
10%
orbis circle
10%
clarus clear | distinguished
10%
imperium command | power
10%
consul consul
10%
- council | group of advisors
10%
cursus course
10%
mos custom | habit
10%
audeo dare | be eager
10%
- do | act
10%
de down from
10%
uterque each of two
10%
cado fall
10%
gens family | clan
10%
princeps first | chief
10%
amicus friendly
10%
eo go
10%
redeo go back | return
10%
durus hard | tough | harsh
10%
spes hope
10%
eques horseman | knight
10%
ferrum iron | iron weapon/implement
10%
licet (+dat. + inf.) it is permitted
10%
amans -ntis (m./f.) lover
10%
ratio method | plan | reason
10%
telum missile | weapon | spear
10%
numquam never
10%
saepe often
10%
an (in questions) or
10%
vel or else | or | even
10%
genus origin | lineage | kind
10%
alter other of two
10%
super (adverb and preposition + acc.) over
10%
dolor pain | grief
10%
consilium plan
10%
premo press | pursue | overwhelm
10%
pono put | place | put aside
10%
reddo return | give back
10%
ius right | justice | law
10%
fama rumour | fame
10%
quaero seek | inquire
10%
benificium service | kindness
10%
navis ship
10%
litus shore
10%
cano sing
10%
tam so | so much
10%
loquor speak | talk
10%
coniunx spouse | husband | wife
10%
sto stand
10%
quam (after comparative) than
10%
atque (after comparative) than
10%
ac (after comparative) than
10%
- unless
10%
dum (+subjunctive) (1) until
10%
qua where
10%
dum (+indicative) while
10%
cur why?
10%
ferus wild | fierce
10%
vulnus wound
10%
iuvenis youth
10%
relinquo abandon
0%
- abode | habitation
0%
- advance
0%
casus a fall
0%
aetas age | time of life
0%
- aim at
0%
etiam also
0%
ara altar
0%
itaque and so | therefore
0%
- any
0%
ullus any | anyone
0%
si quis, si quid anyone who | anything that
0%
quisquam any (single) person | anyone at all
0%
diem dicere appoint a day
0%
exercitus army
0%
res militaris art of war
0%
ops assistance | resources
0%
simul atque as soon as
0%
simul ac as soon as
0%
procul at a distance
0%
alias at another time
0%
primum at first | firstly
0%
tanti at such a price | of such worth
0%
illic at that place | there
0%
quanti at what price?
0%
quanti (relative) at which price?
0%
proelium battle
0%
soleo be accustomed
0%
gero bear | manage
0%
nascor be born
0%
fio become | happen | be done
0%
coepi begin
0%
- be killed
0%
prosum (+dat.) be of use | do good | help
0%
adsum be present
0%
taceo be silent
0%
se recipere betake onself | go
0%
- be willing
0%
frango break | shatter
0%
refero bring back | report
0%
- building | house
0%
at but | but yet
0%
multo by far
0%
quidem certainly | at least
0%
- chance | accident
0%
mos (plural) character
0%
civitas citizenship | state
0%
claudo close | shut
0%
res publica commonwealth
0%
- compel
0%
victor conquerer
0%
tego cover | conceal
0%
scelus crime | sin
0%
turba crowd | uproar
0%
mora delay | hindrance
0%
nego deny | refuse
0%
morior die
0%
- discover
0%
- disgraceful
0%
ingenium disposition | ability | talent
0%
cogo drive together
0%
inter (+acc) during
0%
- duty | obligation
0%
quisque each one | everyone
0%
auris ear
0%
tellus earth
0%
vel...vel either...or
0%
- endure
0%
satis enough | sufficient | sufficiently
0%
cunctus entire | all together
0%
par equal
0%
res familiaris family property | estate
0%
longe far | far off
0%
gratia favour | influence | gratitude
0%
metus fear | dread
0%
saevus fierce | raging | wrathful
0%
invenio find
0%
vitium flaw | fault | crime
0%
fuga flight | route
0%
diu for a long time
0%
vis force
0%
causa (+ preceding genititve) for the sake of
0%
castrum fortress
0%
quo for which reason
0%
liberi (masculine plural) freeborn children
0%
socius friendly | allied
0%
istinc from over there
0%
illinc from that place
0%
inde from there | from then
0%
unde from where
0%
munus gift | offering
0%
- girl-friend
0%
munus (plural) gladiatorial show
0%
laetus glad | joyful
0%
erro go astray | wander
0%
cedo go | move
0%
coma hair | tresses
0%
trado hand over | yield
0%
iuvo help | assist
0%
altus high | lofty | deep
0%
suus his own | her own | its own
0%
sacer holy | sacred
0%
- hope
0%
- how
0%
quantus (interrogative) how great?
0%
ut (in questions) how | in what manner
0%
ut (exclamation) how! | to what extent!
0%
homo human being
0%
nisi if not
0%
vero in fact | certainly | without doubt
0%
colo inhabit | cultivate
0%
iniuria injustice | wrong | affront
0%
ne interrogative particle attached to the emphatic word in a question
0%
iter journey | route
0%
modo just | just now
0%
princeps (as subst.) leader | person in charge
0%
nosco learn | know
0%
cognosco learn | understand
0%
ne lest | that not
0%
iaceo lie
0%
lux light of day
0%
agmen line of march
0%
vultus look | expression | face
0%
uxorem dicere marry
0%
modus measure | manner | kind
0%
- mistress
0%
apud (+acc.) near | in the presence of
0%
prope (adverb) nearly | almost
0%
tamen nevertheless | still
0%
haud not
0%
modo...modo now...now | at one moment...at another | sometimes...sometimes
0%
- office | post
0%
qualis of what kind? | what?
0%
quantus (relative) of what size | of what amount
0%
vetus old
0%
tantum only
0%
ve (postpositive enclitic) or
0%
istic/istuc (adverb) over there
0%
socius -i (masculine) partner | comrade
0%
sentio perceive | feel | hear | see
0%
pereo perish | be lost
0%
patior permit
0%
causam dicere plead a case
0%
- please | delight
0%
voluptas pleasure | enjoyment
0%
dum (+subjunctive) (2) provided that
0%
tollo raise up | destroy
0%
paratus -a -um ready
0%
accipio recieve
0%
loca (n. pl.) region
0%
solvo release | set sail
0%
maneo remain
0%
res novae revolution
0%
- ridge | chain of hills
0%
dextera -ae (f.) right hand
0%
saxum rock | cliff | crag
0%
tectum roof
0%
tristis sad | solemn | grim
0%
tutus safe | protected
0%
servo save | watch over
0%
inquam (with direct speech) say
0%
vix scarcely
0%
sedes seat
0%
peto seek
0%
ostendo show | hold out
0%
latus side | flank
0%
rapio sieze | tear away
0%
tacitus -a -um silent
0%
superus situated above
0%
- slave
0%
eripio snatch away | rescue | save
0%
tamquam so as | just as
0%
mollis soft | yielding | gentle
0%
votum solemn promis | vow
0%
tot so many
0%
quidam someone | a certain one
0%
natus son
0%
ut (+subjunctive so that | with the result that
0%
sidus star | constellation
0%
tantus (pronoun) such a quantity | so much
0%
certus sure | fixed
0%
recipio take back | recieve
0%
excipio take out
0%
doceo teach
0%
igitur therefore
0%
idem the same
0%
puto think | suppose
0%
adhuc thus far | to this point
0%
ita thus | so
0%
timeo to fear | to dread
0%
labor toil | exertion
0%
parum too little
0%
- to or in what place
0%
huc to this place
0%
- to what end | for what purpose
0%
copia (plural) troops
0%
verto turn
0%
turpis ugly | unsightful
0%
- upper
0%
utor (+abl.) use | consume | employ
0%
bellum gerere wage war
0%
- what?
0%
quantus (as subst.) what amount?
0%
- when
0%
seu whether
0%
sive whether
0%
utrum...an whether...or
0%
seu...seu whether...or
0%
sive...sive whether...or
0%
- which?
0%
quantus (relative) which amount?
0%
quisquis whoever | whichever
0%
quicumque who- | whatever
0%
fera -ae (f.) wild animal
0%
ventus wind
0%
volo wish
0%
dignus worthy
0%
miser wretched | pitiable
0%
- yield
0%
iugum yoke
0%
vos you (pl)
0%
No matching quizzes found
Score Distribution
Percent of People with Each Score
Percentile by Number Answered
Your Score History
You have not taken this quiz